Espacios fronterizos : judaísmo y cristianismo en la antigüedad tardía /

Estudio que analiza la formación y los elementos esenciales tanto del judaísmo rabínico como del cristianismo, con la finalidad de identificar los discursos que llevaron a deslindar o separar a ambas religiones. El análisis elaborado por Daniel Boyarín, especialista en estudios talmúdicos y judío or...

Descripción completa

Guardado en:
Detalles Bibliográficos
Autor principal: Boyarín, Daniel (autor)
Otros autores: Segovia, Carlos A. (traducción) (traducción)
Formato: Libro
Idioma:Español
Publicado: Madrid, España : Trotta, 2013, c2013
Colección:(Estructuras y Procesos. Religión)
Temas:
Etiquetas: Agrega una etiqueta
Sin etiquetas, Sé el primero en etiquetar este registro!

MARC

LEADER 00000nam^a2200000^a^4500
001 000380924
005 20250521000000.0
009 20260310120629.622
020 |a 978-84-9879-433-5 
037 |a Acervo ITESO - Biblioteca 
041 |a ESP 
082 |a 296.  |b BOY 
100 |a Boyarín, Daniel  |e (autor) 
245 1 0 |a Espacios fronterizos :  |b judaísmo y cristianismo en la antigüedad tardía /  |c D. Boyarín ; tr. por C.A. Segovia. 
264 4 |a Madrid, España :  |b Trotta,  |c 2013, c2013 
300 |a 419 p. 
336 |a texto  |b txt  |2 rdacontenido 
337 |a sin mediación  |b n  |2 rdamedio 
338 |a volumen  |b nc  |2 rdasoporte 
440 1 |a (Estructuras y Procesos.  |p Religión) 
500 |a Traducción de: Border Lines. The Partition of Judaeo-Christianity 
520 |a Estudio que analiza la formación y los elementos esenciales tanto del judaísmo rabínico como del cristianismo, con la finalidad de identificar los discursos que llevaron a deslindar o separar a ambas religiones. El análisis elaborado por Daniel Boyarín, especialista en estudios talmúdicos y judío ortodoxo, abarca los primeros cinco siglos de nuestra era. 
649 |a XX 
650 |a Análisis del Discurso 
650 |a Hermenéutica 
650 |a Teología 
650 |a Judaísmo -  |x Historia 
650 |a Judaísmo -  |x Tema Principal 
650 |a Cristianismo -  |x Historia 
650 |a Cristianismo -  |x Tema Principal 
650 |a Religión -  |x Historia 
650 |a Religión Comparada 
700 |a Segovia, Carlos A.  |e (traducción) 
910 |a Fondo General 
920 |a Impresos - Libros 
930 |a Colección General 
905 |a 101 
901 |a 0500275727  |b IT1  |c ACC  |i C152025  |u 20250521 
902 |a https://opac.biblio.iteso.mx/vufind/Record/000380924